Music Quiz

Random Music or Musical Quiz

Gilbert and Sullivan Operas Quiz Stats

 Plays Quiz Updated Mar 23, 2020

Support Sporcle.
Go Orange.
Score 0/14 Timer 05:00
0 Plays Today
Year Title % Correct
1880The Pirates of Penzance
90%
1885The Mikado
81.6%
1878H.M.S. Pinafore
75.4%
1882Iolanthe
49%
1889The Gondoliers
42.8%
1875Trial by Jury
39.1%
1887Ruddigore
38.6%
Year Title % Correct
1881Patience
37.3%
1888The Yeomen of the Guard
35.2%
1884Princess Ida
32%
1877The Sorcerer
30.4%
1896The Grand Duke
22.5%
1893Utopia, Limited
22.1%
1871Thespis
21.5%

From the Vault

TV Title Role Actors

by jdfulp

We thought that Newhart might be too much of a giveaway for this one.
Remove Ads.
Support Sporcle.
Get the best of Sporcle when you Go Orange. This ad-free experience offers more features, more stats, and more fun while also helping to support Sporcle. Thank you for becoming a member.

Show Comments

Extras

Top Quizzes Today


Score Distribution

Your Account Isn't Verified!

In order to create a playlist on Sporcle, you need to verify the email address you used during registration. Go to your Sporcle Settings to finish the process.

Report this User

Report this user for behavior that violates our Community Guidelines.

Details: